Lyrics Alley Rose - Conan Gray - Statistiques

Statistiques générales
  • Ce quiz a été pris 128 fois
  • Le résultat moyen est 214 sur 320
Statistiques - réponses
Hint Réponse % Correct
Verse I
100%
a
98%
you
98%
You
98%
me
95%
and
94%
And
94%
to
94%
the
92%
The
92%
were
92%
all
90%
So
90%
so
90%
do
89%
Your
89%
your
89%
That
87%
that
87%
Chorus | Outro Don't
84%
don't
84%
eyes
84%
it
84%
lips
84%
Rose?
84%
Rose
84%
Alley
82%
go
81%
go?
81%
be
77%
store
77%
corner
73%
leave
73%
Oh
71%
my
69%
again
68%
fingers
68%
say
68%
alone
66%
much
66%
care
65%
even
65%
hangin'
65%
picked
65%
if
63%
If
63%
fast
61%
up
61%
from
60%
knew
60%
torn
60%
where'd
60%
way
58%
kissed
56%
last
56%
red
56%
around
53%
born
53%
breath
53%
desperate
52%
into
52%
since
52%
just
47%
that's
47%
change
45%
insane
45%
feel
44%
hot
44%
makes
44%
pulled
44%
sound
42%
wrapped
42%
love
40%
you'd
40%
think
39%
for
37%
hair
37%
made
37%
through
37%
at
34%
lie
34%
subject-sore
34%
told
34%
flame
32%
hell
32%
it's
32%
swore
32%
God
31%
hands
31%
how
31%
it'd
31%
nervous
31%
touch
31%
cry
29%
dear
29%
maybe
29%
waited
29%
why
29%
But
27%
experimental
27%
I'm
27%
summer
27%
thought
27%
year
27%
back
26%
feet
24%
fling
24%
Like
24%
neacks
24%
ran
24%
Cause
23%
things
23%
Well
23%
fighting
21%
lies
21%
reason
21%
bruisin'
19%
ever
19%
was
19%
first
18%
my neck
18%
thanked
18%
person
16%
safer
16%
I'd
15%
might
15%
proven
15%
seen
13%
you're
13%
friend
11%
only
11%
I've
10%
where's
8%
Who's
8%
lade
0%
Aucun quiz correspondant
Distribution des résultats
% des personnes avec chaque résultat
Percentile par nombre de réponses
Votre historique - résultats
Vous n’avez pas pris ce quiz